000 00887cab a2200289 4500
001 ABS47898
008 090401t1993 xxu||||| |||| 00| 0 eng d
035 _a(Sirsi) u63952
041 _aeng
245 _aAsia Pacific profile
260 _c1993
350 _a0
490 _aSurveying World
_v1(2) January 1993, 33 (1)
520 _aCharacteristics of Hong Kong ,Singapore and Japan are listed here, taken from research by the universities of Hong Kong and Reading into property and construction in these fast-growing Asian economies.
650 _aASIA PACIFIC
650 _aECONOMY
650 _aHONG KONG
650 _aJAPAN
650 _aPROPERTY
650 _aSINGAPORE
650 _aUNIVERSITY OF HONG KONG
650 _aUNIVERSITY OF READING
690 _aECONOMIC AND SOCIAL
690 _aOVERSEAS-REST OF THE WORLD
942 _n0
948 _c04/03/1997
999 _c39796
_d39796